[Event "19th EUR-ch"]
[Site "Batumi GEO"]
[Date "2018.03.26"]
[Round "9.142"]
[White "Grinev, Boris"]
[Black "Asatrian, Gor"]
[Result "1/2-1/2"]
[WhiteElo "2092"]
[BlackElo "1852"]
[EventDate "2018.03.17"]
[PlyCount "60"]

1.d4 d5 2.Nf3 Nf6 3.Bf4 c5 4.e3 Nc6 5.c3 e6 6.Nbd2 Bd6 7.Bg3 O-O 8.Bd3 Re8
9.Ne5 Bxe5 10.dxe5 Nd7 11.O-O h6 12.f4 c4 13.Bc2 Qb6 14.Kh1 Qxb2 15.Rc1 b5
16.Qh5 b4 17.f5 exf5 18.Qxf5 Nf6 19.Qf3 Bg4 20.Qf2 bxc3 21.Nxc4 dxc4 22.
exf6 g5 23.Bd6 Qb6 24.Qg3 h5 25.Rf5 Qxe3 26.Qxe3 Rxe3 27.Rxg5+ Kh8 28.h3 
Be2 29.Re1 Nd4 30.Rxe2 Rxe2 1/2-1/2

[Event "19th EUR-ch"]
[Site "Batumi GEO"]
[Date "2018.03.26"]
[Round "9.144"]
[White "Lomaia, Diana"]
[Black "Henseler, Jorgen"]
[Result "1/2-1/2"]
[WhiteElo "1742"]
[BlackElo "2043"]
[EventDate "2018.03.17"]
[PlyCount "125"]

1.e4 c5 2.Nf3 d6 3.d4 cxd4 4.Nxd4 Nf6 5.Bd3 g6 6.c4 Bg7 7.Nc3 O-O 8.O-O 
Nc6 9.Nxc6 bxc6 10.Qe2 Nd7 11.f4 Rb8 12.Be3 c5 13.Rac1 Bb7 14.b3 Bc6 15.
Nd5 Re8 16.f5 e6 17.fxe6 fxe6 18.Nf4 Qe7 19.Bd2 Ne5 20.Bc3 Rf8 21.Bc2 Rbd8
22.Rcd1 Nd7 23.Bxg7 Kxg7 24.Qg4 Rde8 25.Rd2 Ne5 26.Qg3 Kh8 27.Rdf2 Rf7 28.
Nd3 Rxf2 29.Rxf2 Nxd3 30.Qxd3 e5 31.Rd2 Rd8 32.Qf3 Rf8 33.Qe3 Rf6 34.Rf2 
Rxf2 35.Qxf2 Kg7 36.Qd2 Qh4 37.g3 Qd8 38.Kf1 Qb8 39.a3 Bd7 40.Qa5 Bh3+ 41.
Ke1 Qb6 42.Qb5 Kf8 43.Qxb6 axb6 44.Kd2 Ke7 45.Ke3 Bd7 46.Bd3 g5 47.Be2 h6 
48.Kd2 Bc6 49.Bf3 Kf6 50.Kc3 Ke7 51.b4 cxb4+ 52.axb4 Kf6 53.b5 Bd7 54.Kd2 
Ke7 55.Ke3 Kf6 56.Kf2 Be6 57.Be2 Ke7 58.g4 Kf6 59.Kg3 Bf7 60.h4 Be6 61.h5 
Ke7 62.Bd3 Bd7 63.Be2 1/2-1/2

[Event "19th EUR-ch"]
[Site "Batumi GEO"]
[Date "2018.03.26"]
[Round "9.145"]
[White "Shamatava, Nikolozi"]
[Black "Morozov, Vitalij"]
[Result "1/2-1/2"]
[WhiteElo "1570"]
[BlackElo "2039"]
[EventDate "2018.03.17"]
[PlyCount "148"]

1.d4 Nf6 2.Nf3 g6 3.Bg5 Bg7 4.Nbd2 d6 5.c3 O-O 6.e4 c6 7.Bd3 Qc7 8.O-O e5 
9.Qc2 Nbd7 10.Rac1 h6 11.Bxf6 Nxf6 12.Rfd1 Nh7 13.Nb3 Qe7 14.dxe5 dxe5 15.
Bc4 g5 16.Qd2 g4 17.Ne1 Ng5 18.Qe3 Qf6 19.Rd2 Qg6 20.Bd3 Bf6 21.Rcd1 Ne6 
22.Rc2 Bg5 23.Qe2 Qh5 24.g3 Qg6 25.Qxg4 Nd4 26.Qxc8 Raxc8 27.cxd4 Bf6 28.
dxe5 Bxe5 29.Ng2 Qg4 30.Ne3 Qf3 31.Nd2 Qh5 32.Re1 Rcd8 33.Be2 Qg6 34.Nf5 
Kh8 35.Nc4 Bd4 36.Kg2 c5 37.f4 b5 38.Na3 a6 39.Bf3 c4 40.g4 Bc5 41.Nb1 Bb4
42.Rf1 Rd3 43.a3 Ba5 44.h4 Rfd8 45.g5 Rxf3 46.Rxf3 Rd1 47.Nc3 Bxc3 48.
Rfxc3 Re1 49.Ng3 Rxe4 50.Nxe4 Qxe4+ 51.Kg3 h5 52.Rf2 Qf5 53.Kh2 Kg7 54.Re3
Qg4 55.Rh3 Qf5 56.Re3 Kf8 57.Ref3 Ke7 58.b3 Qg4 59.bxc4 Qxh4+ 60.Kg2 bxc4 
61.Re3+ Kf8 62.Rf1 Kg7 63.Rf2 a5 64.Rf1 c3 65.Rxc3 Qg4+ 66.Rg3 Qe2+ 67.Rf2
Qe4+ 68.Kh2 Qd4 69.Rgf3 Qd6 70.Kg2 Kg6 71.Re3 Qd4 72.Ref3 Kf5 73.Rh3 Qh8 
74.Re3 Qa8+ 1/2-1/2

[Event "19th EUR-ch"]
[Site "Batumi GEO"]
[Date "2018.03.26"]
[Round "9.146"]
[White "Ahadzade, Kanan"]
[Black "Samadov, Read"]
[Result "0-1"]
[WhiteElo "1965"]
[BlackElo "2099"]
[EventDate "2018.03.17"]
[PlyCount "52"]

1.e4 e6 2.b3 d5 3.Bb2 Nf6 4.e5 Nfd7 5.f4 c5 6.Nf3 Nc6 7.g3 Be7 8.Bg2 O-O 
9.O-O b5 10.d4 Qb6 11.Kh1 Bb7 12.g4 Rae8 13.Re1 cxd4 14.Nxd4 Nxd4 15.Bxd4 
Bc5 16.Bxc5 Qxc5 17.Nd2 Qc7 18.Nf3 Nc5 19.Nd4 Ne4 20.Bxe4 dxe4 21.Qe2 Rd8 
22.Qe3 Rxd4 23.Re2 Rfd8 24.Kg2 Qc6 25.Kf2 Qd5 26.Rae1 b4 0-1

[Event "19th EUR-ch"]
[Site "Batumi GEO"]
[Date "2018.03.26"]
[Round "9.147"]
[White "Valiyev, Shahin"]
[Black "Pipia, Ekaterine"]
[Result "0-1"]
[WhiteElo "1634"]
[BlackElo "1737"]
[EventDate "2018.03.17"]
[PlyCount "56"]

1.e4 c5 2.Nf3 d6 3.d4 cxd4 4.Nxd4 Nf6 5.Nc3 g6 6.Be3 Bg7 7.f3 O-O 8.Bc4 
Nc6 9.Qd2 Nxd4 10.Bxd4 Be6 11.Nd5 Nxd5 12.exd5 Bd7 13.Bxg7 Kxg7 14.O-O-O 
Rc8 15.Bb3 a5 16.a3 b5 17.g4 b4 18.a4 Qe8 19.Kb1 Bxa4 20.h4 Bxb3 21.cxb3 
h6 22.f4 Qd7 23.Rdg1 Qa7 24.h5 a4 25.Qxb4 axb3 26.Qxb3 Ra8 27.Qc3+ Kg8 28.
hxg6 Qa2+ 0-1

[Event "19th EUR-ch"]
[Site "Batumi GEO"]
[Date "2018.03.26"]
[Round "9.148"]
[White "Tsotsonava, Elene"]
[Black "Martsvalashvili, Ruzvelt"]
[Result "0-1"]
[WhiteElo "1789"]
[BlackElo "1671"]
[EventDate "2018.03.17"]
[PlyCount "104"]

1.e4 c5 2.Nf3 Nc6 3.d4 cxd4 4.Nxd4 Nf6 5.Nc3 e5 6.Ndb5 d6 7.Bg5 a6 8.Na3 
b5 9.Nd5 Be7 10.Bxf6 Bxf6 11.c3 O-O 12.Nc2 Bg5 13.a4 bxa4 14.Rxa4 a5 15.
Bc4 Rb8 16.b3 Kh8 17.O-O f5 18.exf5 Bxf5 19.Nce3 Bd7 20.Ra2 Ne7 21.Qe2 
Bxe3 22.Nxe3 Bc6 23.Rd1 Ng6 24.Qd2 Qg5 25.Nd5 Nf4 26.f3 Bxd5 27.Bxd5 Rfc8 
28.Kh1 Rc5 29.c4 Rxb3 30.g3 Rd3 31.Rb1 Qd8 32.Qc2 Rdxd5 33.gxf4 Rd4 34.
Rab2 Rxf4 35.Rb7 Rc7 36.Rb8 Rc8 37.R8b7 Rfxc4 38.Qf5 Rc1+ 39.Rxc1 Rxc1+ 
40.Kg2 Rc8 41.h4 Rb8 42.Rf7 g6 43.Qg4 Rb4 44.Qe6 Rf4 45.Rd7 Qa8 46.Qb3 a4 
47.Qd3 Rd4 48.Qe3 Qf8 49.Rc7 Qf4 50.Qa3 Rd2+ 51.Kf1 Rd1+ 52.Ke2 Qd2# 0-1

[Event "19th EUR-ch"]
[Site "Batumi GEO"]
[Date "2018.03.26"]
[Round "9.149"]
[White "Orujov, Farid"]
[Black "Tskipurishvili, Daviti"]
[Result "1-0"]
[WhiteElo "1770"]
[BlackElo "1710"]
[EventDate "2018.03.17"]
[PlyCount "73"]

1.d4 d5 2.Nf3 c6 3.c4 Nf6 4.Nc3 e6 5.e3 Nbd7 6.Bd3 dxc4 7.Bxc4 b5 8.Bd3 
Bb7 9.O-O a6 10.e4 c5 11.d5 e5 12.Bc2 Bd6 13.Nh4 g6 14.Be3 b4 15.Na4 Nxe4 
16.Nf3 Nef6 17.Bb3 Qc7 18.Nd2 O-O 19.Rc1 Rac8 20.Bc4 Nb6 21.Nxb6 Qxb6 22.
Bh6 Rfd8 23.Re1 Nd7 24.Qf3 f5 25.g4 e4 26.Qg2 Bf8 27.Bg5 Re8 28.gxf5 gxf5 
29.d6+ Kh8 30.Bd8 Bxd6 31.Bxb6 Nxb6 32.Kf1 Bf4 33.Nb3 Bxc1 34.Rxc1 Nxc4 
35.Rxc4 a5 36.Qg5 Ba6 37.Qf6+ 1-0

[Event "19th EUR-ch"]
[Site "Batumi GEO"]
[Date "2018.03.27"]
[Round "10.1"]
[White "Wojtaszek, Radoslaw"]
[Black "Korobov, Anton"]
[Result "1/2-1/2"]
[WhiteElo "2738"]
[BlackElo "2664"]
[EventDate "2018.03.17"]
[PlyCount "32"]

1.d4 Nf6 2.c4 e6 3.g3 d5 4.Bg2 dxc4 5.Nf3 Bb4+ 6.Bd2 a5 7.a3 Bd6 8.Qa4+ 
Nc6 9.Qxc4 O-O 10.Bc3 Qe8 11.Ne5 Nd5 12.Nxc6 bxc6 13.Qd3 Ba6 14.Qc2 c5 15.
dxc5 Bxc5 16.O-O Bb6 1/2-1/2

[Event "19th EUR-ch"]
[Site "Batumi GEO"]
[Date "2018.03.27"]
[Round "10.2"]
[White "Jones, Gawain"]
[Black "Matlakov, Maxim"]
[Result "1/2-1/2"]
[WhiteElo "2651"]
[BlackElo "2707"]
[EventDate "2018.03.17"]
[PlyCount "68"]

1.e4 e5 2.Nf3 Nc6 3.Bb5 a6 4.Ba4 Nf6 5.O-O Be7 6.Re1 b5 7.Bb3 d6 8.c3 O-O 
9.d4 Bg4 10.Be3 exd4 11.cxd4 Na5 12.Nbd2 c5 13.h3 Bh5 14.g4 Nxb3 15.axb3 
Bg6 16.Nh4 Re8 17.Nxg6 hxg6 18.d5 Nd7 19.Bf4 g5 20.Bg3 Bf6 21.Bxd6 Bxb2 
22.Ra2 Qf6 23.Nf3 c4 24.bxc4 bxc4 25.Re3 c3 26.e5 Qg6 27.Nd4 c2 28.Nxc2 
Bxe5 29.Bxe5 Rxe5 30.d6 Rb8 31.Rxe5 Nxe5 32.Rxa6 Nd3 33.Ne3 Nf4 34.Kh2 Qh7
1/2-1/2

[Event "19th EUR-ch"]
[Site "Batumi GEO"]
[Date "2018.03.27"]
[Round "10.3"]
[White "Piorun, Kacper"]
[Black "Navara, David"]
[Result "0-1"]
[WhiteElo "2653"]
[BlackElo "2737"]
[EventDate "2018.03.17"]
[PlyCount "70"]

1.e4 c5 2.Nf3 d6 3.d4 cxd4 4.Nxd4 Nf6 5.Nc3 a6 6.Bg5 Nbd7 7.Bc4 Qb6 8.Bb3 
e6 9.Qd2 Be7 10.O-O-O Nc5 11.Qe2 h6 12.Bh4 Qc7 13.f4 O-O 14.e5 dxe5 15.
fxe5 Nh7 16.Bxe7 Qxe7 17.Ne4 b5 18.Nxc5 Qxc5 19.h4 Rd8 20.c3 Bb7 21.Rh3 b4
22.Bc2 Rac8 23.g4 Qa5 24.cxb4 Qxa2 25.Nb3 Bd5 26.Rc3 Rxc3 27.bxc3 Qa3+ 28.
Kb1 Rc8 29.Bxh7+ Kxh7 30.Qc2+ Kg8 31.Nc5 a5 32.Rxd5 exd5 33.e6 fxe6 34.Qg6
Rf8 35.Qxe6+ Kh8 0-1

[Event "19th EUR-ch"]
[Site "Batumi GEO"]
[Date "2018.03.27"]
[Round "10.4"]
[White "Mamedov, Rauf"]
[Black "McShane, Luke"]
[Result "0-1"]
[WhiteElo "2709"]
[BlackElo "2647"]
[EventDate "2018.03.17"]
[PlyCount "116"]

1.Nf3 Nf6 2.g3 g6 3.b3 Bg7 4.Bb2 O-O 5.Bg2 d6 6.d4 Nc6 7.O-O e5 8.dxe5 Nd7
9.Qc1 Ndxe5 10.Nxe5 Nxe5 11.c4 Re8 12.Nc3 Rb8 13.Qd2 a6 14.Rad1 Be6 15.f4 
Ng4 16.h3 Nf6 17.e4 b5 18.f5 Bd7 19.g4 bxc4 20.fxg6 hxg6 21.Qf2 Be6 22.e5 
Nh7 23.Ne4 cxb3 24.axb3 Bxb3 25.Rd2 Bxe5 26.Rc1 Bxb2 27.Rxb2 Be6 28.Rbc2 
Rc8 29.Qd4 Qe7 30.Rf2 Red8 31.Re1 c5 32.Qd2 d5 33.Ng3 Qg5 34.Qb2 c4 35.Ne2
Re8 36.Nd4 Bd7 37.Ref1 Re7 38.Kh1 Rce8 39.Qb6 Nf8 40.Qd6 Be6 41.Qxa6 Qe3 
42.Qa1 Qh6 43.Qd1 Nh7 44.Qf3 Qh4 45.Qf4 Ng5 46.Nc6 Rb7 47.Qf6 Qh6 48.Qf4 
Kh7 49.Na5 Rd7 50.Rd2 Rc8 51.Kh2 Ra7 52.Ra2 Ne4 53.Qe5 Qg7 54.Qf4 Rca8 55.
Rfa1 Qf6 56.Qe3 Qd8 57.Qe1 c3 58.Bxe4 dxe4 0-1

[Event "19th EUR-ch"]
[Site "Batumi GEO"]
[Date "2018.03.27"]
[Round "10.6"]
[White "Guseinov, Gadir"]
[Black "Cheparinov, Ivan"]
[Result "1/2-1/2"]
[WhiteElo "2646"]
[BlackElo "2693"]
[EventDate "2018.03.17"]
[PlyCount "114"]

1.e4 c5 2.Nf3 d6 3.Bb5+ Nd7 4.O-O a6 5.Bd3 Ngf6 6.Re1 e6 7.c3 b5 8.Bc2 Bb7
9.d4 Be7 10.Nbd2 Qc7 11.Nf1 O-O 12.Ng3 Rfc8 13.Bd3 Bf8 14.Bd2 e5 15.d5 c4 
16.Bc2 a5 17.h3 Nc5 18.Nh2 Ba6 19.Ng4 Ne8 20.Nf5 b4 21.cxb4 axb4 22.Bxb4 
Nd3 23.Bxd3 cxd3 24.Bd2 Kh8 25.a4 g6 26.Nfe3 Qd7 27.Qf3 Rcb8 28.b4 Bg7 29.
b5 Bc8 30.Nc4 f5 31.exf5 Qxf5 32.Nge3 Qxf3 33.gxf3 Bxh3 34.Na5 e4 35.fxe4 
Bxa1 36.Rxa1 Kg8 37.Kh2 Bd7 38.f3 Nc7 39.Nec4 Nxb5 40.axb5 Rxb5 41.Kg3 Ra6
42.Kf4 h5 43.Kg5 Kf7 44.Bf4 Rc5 45.Rb1 Rb5 46.Nb3 Rb4 47.Nxd6+ Ke7 48.Bd2 
Rb8 49.e5 Ba4 50.Rc1 Bxb3 51.Rc7+ Kd8 52.Rh7 Rbb6 53.Nb7+ Rxb7 54.Rxb7 
Bxd5 55.Rb4 Bxf3 56.Rd4+ Ke7 57.Rxd3 Bg4 1/2-1/2

[Event "19th EUR-ch"]
[Site "Batumi GEO"]
[Date "2018.03.27"]
[Round "10.7"]
[White "Nabaty, Tamir"]
[Black "Safarli, Eltaj"]
[Result "1/2-1/2"]
[WhiteElo "2690"]
[BlackElo "2639"]
[EventDate "2018.03.17"]
[PlyCount "37"]

1.d4 Nf6 2.Nf3 g6 3.Nbd2 d5 4.b4 e5 5.dxe5 Ne4 6.Nxe4 dxe4 7.Qxd8+ Kxd8 8.
Bg5+ Be7 9.O-O-O+ Nd7 10.Bxe7+ Kxe7 11.Ng5 Nxe5 12.Nxe4 c6 13.e3 b5 14.f4 
Ng4 15.h3 Nxe3 16.Re1 Nxf1 17.Nc5+ Kf6 18.Rhxf1 a5 19.a3 1/2-1/2

[Event "19th EUR-ch"]
[Site "Batumi GEO"]
[Date "2018.03.27"]
[Round "10.8"]
[White "Bok, Benjamin"]
[Black "Demchenko, Anton"]
[Result "1/2-1/2"]
[WhiteElo "2622"]
[BlackElo "2672"]
[EventDate "2018.03.17"]
[PlyCount "27"]

1.d4 Nf6 2.c4 g6 3.g3 Bg7 4.Bg2 O-O 5.Nc3 d6 6.Nf3 Nbd7 7.O-O e5 8.e4 Re8 
9.Qc2 exd4 10.Nxd4 c6 11.Rd1 Qe7 12.Bf4 Ne5 13.b3 a6 14.a4 1/2-1/2

[Event "19th EUR-ch"]
[Site "Batumi GEO"]
[Date "2018.03.27"]
[Round "10.9"]
[White "Svane, Rasmus"]
[Black "Saric, Ivan"]
[Result "0-1"]
[WhiteElo "2587"]
[BlackElo "2657"]
[EventDate "2018.03.17"]
[PlyCount "98"]

1.d4 Nf6 2.c4 g6 3.Nc3 Bg7 4.e4 d6 5.h3 O-O 6.Be3 c5 7.Nf3 cxd4 8.Nxd4 a6 
9.Be2 b6 10.Qd2 Bb7 11.f3 Nbd7 12.O-O-O Ne5 13.Kb1 Rc8 14.b3 e6 15.g4 Qe7 
16.h4 b5 17.cxb5 axb5 18.Ndxb5 Nexg4 19.fxg4 Bxe4+ 20.Bd3 Bxh1 21.Rxh1 
Nxg4 22.Bg5 Qb7 23.Rg1 Ne5 24.Rc1 Nxd3 25.Qxd3 Qa6 26.a4 d5 27.h5 h6 28.
Be3 g5 29.Bd4 e5 30.Bf2 Rfd8 31.Qf5 d4 32.Ne4 Rxc1+ 33.Kxc1 Qc6+ 34.Kd2 
Qd5 35.Nf6+ Bxf6 36.Qxf6 Rc8 37.Qa6 Qc5 38.Ke2 Qc2+ 39.Kf3 Qd3+ 40.Kg2 
Qe4+ 41.Kg3 Rc2 42.Qf6 Qh4+ 43.Kg2 Qg4+ 44.Kh2 Qxh5+ 45.Kg3 Qh4+ 46.Kg2 
Qg4+ 47.Kh2 Qf4+ 48.Qxf4 gxf4 49.Kg1 Rc1+ 0-1

[Event "19th EUR-ch"]
[Site "Batumi GEO"]
[Date "2018.03.27"]
[Round "10.10"]
[White "Yakovenko, Dmitry"]
[Black "Sarana, Alexey"]
[Result "1/2-1/2"]
[WhiteElo "2746"]
[BlackElo "2577"]
[EventDate "2018.03.17"]
[PlyCount "77"]

1.e4 c5 2.Nf3 d6 3.d4 cxd4 4.Nxd4 Nf6 5.Nc3 a6 6.Bg5 Nbd7 7.Bc4 Qb6 8.Bb3 
e6 9.Qd2 Be7 10.O-O-O Nc5 11.f3 Bd7 12.Kb1 Qc7 13.g4 b5 14.h4 b4 15.Nce2 
a5 16.Ng3 Rc8 17.Rhe1 h6 18.Bxf6 Bxf6 19.g5 hxg5 20.hxg5 Bxd4 21.Qxd4 e5 
22.Qd2 Rh3 23.Rg1 g6 24.Qxd6 Qxd6 25.Rxd6 Nxb3 26.axb3 Rh2 27.Rc1 Be6 28.
Nf1 Rg2 29.Nd2 Ke7 30.Rd3 Rxg5 31.c4 bxc3 32.Rcxc3 Rg1+ 33.Kc2 Rxc3+ 34.
bxc3 f5 35.b4 axb4 36.cxb4 Ra1 37.Rc3 Ra2+ 38.Kd3 g5 39.exf5 1/2-1/2

[Event "19th EUR-ch"]
[Site "Batumi GEO"]
[Date "2018.03.27"]
[Round "10.13"]
[White "Hovhannisyan, Robert"]
[Black "Sargissian, Gabriel"]
[Result "1-0"]
[WhiteElo "2601"]
[BlackElo "2677"]
[EventDate "2018.03.17"]
[PlyCount "131"]

1.e4 e6 2.d4 d5 3.Nc3 Bb4 4.e5 c5 5.a3 Bxc3+ 6.bxc3 Ne7 7.a4 Qa5 8.Qd2 b6 
9.Bb5+ Bd7 10.Bd3 Nbc6 11.Nf3 cxd4 12.cxd4 Nb4 13.O-O Nxd3 14.Qxd3 Bc8 15.
Qa3 Bd7 16.Bd2 Qa6 17.a5 Rc8 18.Rfb1 b5 19.Bb4 Ng6 20.h4 h5 21.Qd3 Qc6 22.
Bc5 a6 23.Qe3 Qc7 24.Re1 Qd8 25.g3 f6 26.Qd3 Kf7 27.Re3 f5 28.Ng5+ Kg8 29.
Qa3 Nf8 30.Nh3 Nh7 31.Rc3 Kf7 32.Qc1 Rg8 33.Qd1 g6 34.Raa3 Qe8 35.Qd2 Kg7 
36.Bd6 Qf7 37.Rc5 Rxc5 38.Bxc5 Rc8 39.Qb4 Be8 40.Rc3 Qd7 41.Kf1 Rc6 42.Ke1
Qc8 43.Kd2 Kf7 44.Kc1 Bd7 45.Kb2 Be8 46.Nf4 Bd7 47.Nd3 g5 48.Ne1 Qg8 49.
Be7 Rc4 50.Qd6 Qc8 51.Rxc4 bxc4 52.Bxg5 c3+ 53.Kc1 Nxg5 54.hxg5 Bb5 55.Qc5
Qd8 56.Qxc3 Qxg5+ 57.Kb2 f4 58.Ng2 fxg3 59.fxg3 Bc4 60.Qf3+ Ke8 61.Nf4 Qe7
62.Qxh5+ Kd7 63.c3 Kc6 64.Qg6 Qb7+ 65.Kc1 Kb5 66.Qb1+ 1-0

[Event "19th EUR-ch"]
[Site "Batumi GEO"]
[Date "2018.03.27"]
[Round "10.14"]
[White "Mchedlishvili, Mikheil"]
[Black "Melkumian, Hrant"]
[Result "0-1"]
[WhiteElo "2600"]
[BlackElo "2664"]
[EventDate "2018.03.17"]
[PlyCount "110"]

1.d4 Nf6 2.Bg5 Ne4 3.Bf4 c5 4.f3 Qa5+ 5.c3 Nf6 6.d5 Qb6 7.Bc1 e6 8.e4 exd5
9.exd5 Be7 10.c4 d6 11.Bd3 Nbd7 12.f4 O-O 13.Nc3 Re8 14.Nge2 Nf8 15.Qc2 
Bg4 16.O-O Bxe2 17.Bxe2 N6d7 18.Ne4 f5 19.Nf2 Bf6 20.Bd3 Re7 21.Bxf5 Rae8 
22.Bd3 Bd4 23.g3 Nf6 24.Kg2 Qc7 25.Rb1 b5 26.b3 Qb7 27.h3 h5 28.Kh2 Qc8 
29.Qd1 b4 30.Bb2 Re3 31.Bc1 h4 32.g4 Rg3 33.Nh1 Rxd3 34.Qxd3 Nxg4+ 35.hxg4
Qxg4 36.Rb2 Bxb2 37.Bxb2 Re2+ 38.Rf2 Qxf4+ 39.Kg2 Qg5+ 40.Ng3 Re3 41.Rxf8+
Kxf8 42.Qf5+ Qxf5 43.Bxg7+ Kf7 44.Nxf5 h3+ 45.Kh2 Rf3 46.Nxd6+ Kxg7 47.Ne4
Kg6 48.Nxc5 Kg5 49.d6 Kh4 50.Ne4 Re3 51.d7 Rd3 52.Nf6 Rd2+ 53.Kh1 Rd1+ 54.
Kh2 Rd2+ 55.Kh1 h2 0-1

[Event "19th EUR-ch"]
[Site "Batumi GEO"]
[Date "2018.03.27"]
[Round "10.15"]
[White "Anton Guijarro, David"]
[Black "Smirin, Ilia"]
[Result "1-0"]
[WhiteElo "2647"]
[BlackElo "2594"]
[EventDate "2018.03.17"]
[PlyCount "89"]

1.d4 Nf6 2.c4 g6 3.Nc3 Bg7 4.e4 d6 5.h3 Nbd7 6.Be3 e5 7.d5 Nc5 8.Qc2 a5 9.
g4 c6 10.g5 Nh5 11.O-O-O cxd5 12.Nxd5 O-O 13.Bxc5 dxc5 14.h4 Bg4 15.Be2 
Bxe2 16.Nxe2 Ra6 17.Ng3 Nxg3 18.fxg3 Kh8 19.Qd2 f6 20.Kb1 Rd6 21.gxf6 Bxf6
22.h5 Bg5 23.Qc3 Re8 24.hxg6 Rxg6 25.Rdf1 b6 26.Rf7 Rg7 27.Qf3 Reg8 28.Rf5
Qd6 29.Rh3 a4 30.a3 Bd8 31.Kc2 b5 32.cxb5 Qd7 33.Nc3 Ba5 34.Qd3 Qd4 35.
Qxd4 exd4 36.Nxa4 c4 37.b6 Be1 38.Nc5 d3+ 39.Kd1 Bxg3 40.e5 Bh4 41.Rxh4 
Rg1+ 42.Kd2 R8g2+ 43.Kc3 Rc1+ 44.Kb4 Rxb2+ 45.Ka5 1-0

[Event "19th EUR-ch"]
[Site "Batumi GEO"]
[Date "2018.03.27"]
[Round "10.16"]
[White "Grandelius, Nils"]
[Black "Savchenko, Boris"]
[Result "1/2-1/2"]
[WhiteElo "2646"]
[BlackElo "2550"]
[EventDate "2018.03.17"]
[PlyCount "118"]

1.e4 e6 2.d4 d5 3.Nd2 c5 4.exd5 exd5 5.Ngf3 Nf6 6.Bb5+ Bd7 7.Bxd7+ Nbxd7 
8.dxc5 Nxc5 9.O-O Be7 10.Nd4 Qd7 11.Qf3 O-O 12.N2b3 Nce4 13.Nf5 Bd8 14.Be3
Rc8 15.c3 a5 16.Nbd4 a4 17.a3 Re8 18.Rad1 h5 19.Nc2 g6 20.Ng3 Qb5 21.Nb4 
Rc4 22.h3 Be7 23.Nxd5 Nxd5 24.Nxe4 Nxe3 25.fxe3 Rf8 26.Nd6 Bxd6 27.Rxd6 
Rc6 28.Rd7 Rb6 29.Re7 Qc6 30.Qf2 Qc4 31.Rd7 Qb5 32.Rd2 Qb3 33.Kh2 Qc4 34.
Qf4 Qb5 35.Rff2 Qe8 36.Rd4 Re6 37.Rxa4 Rxe3 38.Rb4 b5 39.Rd4 Re5 40.Rfd2 
Rf5 41.Qg3 Rf1 42.Rf2 Rb1 43.Rf5 Rxb2 44.Rxh5 Qb8 45.Rd6 Rb3 46.Rh6 Re8 
47.Rhxg6+ fxg6 48.Qxg6+ Kf8 49.Qf6+ Kg8 50.Qg5+ Kf8 51.Qf4+ Kg8 52.Qg3+ 
Kf8 53.Qf3+ Kg8 54.Qd5+ Kf8 55.Qf5+ Kg8 56.Qg6+ Kf8 57.Qh6+ Kf7 58.Qh7+ 
Kf8 59.Qh8+ Kf7 1/2-1/2

[Event "19th EUR-ch"]
[Site "Batumi GEO"]
[Date "2018.03.27"]
[Round "10.17"]
[White "Parligras, Mircea-Emilian"]
[Black "Sanikidze, Tornike"]
[Result "1-0"]
[WhiteElo "2642"]
[BlackElo "2501"]
[EventDate "2018.03.17"]
[PlyCount "129"]

1.d4 f5 2.Nc3 d5 3.Bf4 a6 4.e3 Nf6 5.Nf3 e6 6.Bd3 c5 7.dxc5 Bxc5 8.Ne2 Nc6
9.O-O O-O 10.c4 Qe7 11.Ned4 Bd7 12.cxd5 Nxd5 13.Nxf5 Rxf5 14.Bxf5 Nxf4 15.
exf4 exf5 16.Re1 Be6 17.Ng5 Rd8 18.Qc1 Nd4 19.Rxe6 Nxe6 20.Qc4 Bxf2+ 21.
Kf1 Rd6 22.Kxf2 h6 23.Nf3 b5 24.Qb3 Qa7+ 25.Qe3 Qxe3+ 26.Kxe3 Rc6 27.Rd1 
Rc4 28.g3 g5 29.fxg5 hxg5 30.Rd6 f4+ 31.Kd2 g4 32.Ne5 fxg3 33.hxg3 Rd4+ 
34.Rxd4 Nxd4 35.Ke3 Nc2+ 36.Ke4 Kg7 37.Nxg4 a5 38.Ne3 Nb4 39.a3 Na2 40.Kd4
Nc1 41.Nf5+ Kf6 42.Nd6 b4 43.a4 Ne2+ 44.Kc4 Nxg3 45.Nb7 Ke6 46.Nxa5 Kd6 
47.Kxb4 Ne4 48.Kb5 Kc7 49.Nc4 Kb7 50.a5 Ka7 51.Kc6 Ka6 52.b4 Nc3 53.Nd6 
Nb5 54.Kc5 Nc3 55.Kc4 Nd1 56.Kb3 Ne3 57.Ka4 Nd5 58.b5+ Ka7 59.Kb3 Ne3 60.
Kb4 Kb8 61.b6 Nc2+ 62.Kc5 Ne1 63.a6 Nd3+ 64.Kb5 Ka8 65.Ne8 1-0

[Event "19th EUR-ch"]
[Site "Batumi GEO"]
[Date "2018.03.27"]
[Round "10.18"]
[White "Predke, Alexander"]
[Black "Fridman, Daniel"]
[Result "0-1"]
[WhiteElo "2595"]
[BlackElo "2637"]
[EventDate "2018.03.17"]
[PlyCount "92"]

1.e4 e5 2.Nf3 Nf6 3.Nc3 Nc6 4.Bb5 Bb4 5.O-O O-O 6.d3 d6 7.Ne2 Ne7 8.c3 Ba5
9.Ng3 c6 10.Ba4 Ng6 11.d4 h6 12.Bc2 Re8 13.h3 Be6 14.Re1 Bb6 15.a4 Qc7 16.
Be3 Rad8 17.Qc1 Kh7 18.b4 Qb8 19.Qb2 Kh8 20.a5 Bc7 21.dxe5 dxe5 22.Bb3 Nf4
23.Red1 a6 24.Bxe6 Rxe6 25.Qc2 Ree8 26.Nd2 Qc8 27.Nb3 g6 28.f3 h5 29.Kh2 
Ne6 30.Nf1 Rg8 31.Qf2 Rxd1 32.Rxd1 Rd8 33.Rc1 Qd7 34.Nc5 Nxc5 35.Bxc5 Qe6 
36.Be3 Rd7 37.c4 Qd6 38.Bc5 Qd3 39.Ne3 Qa3 40.Re1 Qc3 41.Re2 Kg8 42.Qg3 
Ne8 43.Qg5 Ng7 44.Rc2 Qd3 45.Qh6 Ne6 46.g4 Bd8 0-1

[Event "19th EUR-ch"]
[Site "Batumi GEO"]
[Date "2018.03.27"]
[Round "10.19"]
[White "Djukic, Nikola"]
[Black "Onischuk, Vladimir"]
[Result "1/2-1/2"]
[WhiteElo "2523"]
[BlackElo "2632"]
[EventDate "2018.03.17"]
[PlyCount "114"]

1.e4 d6 2.d4 Nf6 3.Nc3 g6 4.Be3 c6 5.h3 Bg7 6.Nf3 O-O 7.Qd2 Nbd7 8.Bd3 e5 
9.O-O Qe7 10.Rfe1 Re8 11.Rad1 Qf8 12.a4 a5 13.dxe5 dxe5 14.Bc4 h6 15.Qd6 
Qxd6 16.Rxd6 Bf8 17.Rdd1 Kg7 18.Nd2 Nc5 19.f3 Nfd7 20.Bf1 Nb6 21.b3 Be6 
22.Ne2 Ncd7 23.Nc1 Bc5 24.Nd3 Bxe3+ 25.Rxe3 Red8 26.Ree1 Kf6 27.Kf2 Ke7 
28.h4 Nc8 29.Nb2 Ndb6 30.Nd3 Nd7 31.Nb2 h5 32.Bc4 Nc5 33.Bxe6 Nxe6 34.Ndc4
Rxd1 35.Rxd1 f6 36.g3 b5 37.Ne3 Nb6 38.Ra1 Nd4 39.Nd3 bxa4 40.bxa4 Rd8 41.
Ra2 Ne6 42.Ke2 Kd6 43.Nb2 Nd4+ 44.Kf2 Ra8 45.c3 Ne6 46.Ke2 Kc7 47.Nbc4 Nd7
48.Nd1 Ndc5 49.Nf2 Nb7 50.Nd3 Nec5 51.Nxc5 Nxc5 52.Ke3 Rd8 53.Rd2 Rb8 54.
Rb2 Ra8 55.Ra2 Rd8 56.Rd2 Re8 57.Ra2 Rd8 1/2-1/2

[Event "19th EUR-ch"]
[Site "Batumi GEO"]
[Date "2018.03.27"]
[Round "10.20"]
[White "Erdos, Viktor"]
[Black "Yuffa, Daniil"]
[Result "1/2-1/2"]
[WhiteElo "2627"]
[BlackElo "2521"]
[EventDate "2018.03.17"]
[PlyCount "83"]

1.Nf3 Nf6 2.c4 e6 3.Nc3 Bb4 4.g3 O-O 5.Bg2 Bxc3 6.bxc3 d6 7.O-O e5 8.d3 
Re8 9.Rb1 e4 10.Nd2 exd3 11.exd3 Nbd7 12.Qc2 Rb8 13.Nb3 Ne5 14.Nd4 c5 15.
Nc6 Nxc6 16.Bxc6 Nd7 17.Bg2 b6 18.Bf4 Ne5 19.Rfe1 Bb7 20.Bxe5 dxe5 21.Re3 
Bxg2 22.Kxg2 Re6 23.Rbe1 Qe7 24.Qe2 Re8 25.Qf3 g6 26.h4 h5 27.Kg1 Kg7 28.
a4 Rd8 29.Qe2 a5 30.Qb2 Qf6 31.Qe2 Qe7 32.Qb2 Qd7 33.Rxe5 Rxe5 34.Rxe5 
Qxa4 35.Qxb6 Rxd3 36.Qxc5 Qa1+ 37.Kg2 Rd1 38.Re8 Rg1+ 39.Kh2 Rh1+ 40.Kg2 
Qf1+ 41.Kf3 Qd1+ 42.Kg2 1/2-1/2

[Event "19th EUR-ch"]
[Site "Batumi GEO"]
[Date "2018.03.27"]
[Round "10.21"]
[White "Ferreira, Jorge Viterbo"]
[Black "Lupulescu, Constantin"]
[Result "1-0"]
[WhiteElo "2492"]
[BlackElo "2627"]
[EventDate "2018.03.17"]
[PlyCount "93"]

1.c4 e5 2.Nc3 Bb4 3.Nd5 Bc5 4.Nf3 c6 5.Nc3 d6 6.e3 Qe7 7.d4 Bb4 8.Be2 Nf6 
9.O-O e4 10.Ne1 Bxc3 11.bxc3 O-O 12.f4 c5 13.g4 g6 14.Ng2 Ne8 15.f5 g5 16.
a4 Nc6 17.a5 Nf6 18.h4 h6 19.Bd2 Bd7 20.Be1 b6 21.axb6 axb6 22.Rb1 Ra6 23.
Bg3 Rfa8 24.Rb2 Be8 25.Qb1 Nd7 26.hxg5 hxg5 27.Kf2 f6 28.Rh1 Bf7 29.Qg1 
Ra1 30.Ne1 Qf8 31.Qh2 Qg7 32.Nc2 R1a2 33.Rhb1 d5 34.Qh1 Rxb2 35.Rxb2 Na5 
36.Na3 cxd4 37.cxd4 Nxc4 38.Nxc4 dxc4 39.Qxe4 Qf8 40.Qc6 Qa3 41.Rc2 Qa4 
42.Rxc4 Bxc4 43.Bxc4+ Kg7 44.Qd5 Kh8 45.Bb3 Qa5 46.Qf7 Qd2+ 47.Kf3 1-0

[Event "19th EUR-ch"]
[Site "Batumi GEO"]
[Date "2018.03.27"]
[Round "10.22"]
[White "Santos Ruiz, Miguel"]
[Black "Romanov, Evgeny"]
[Result "1-0"]
[WhiteElo "2488"]
[BlackElo "2619"]
[EventDate "2018.03.17"]
[PlyCount "87"]

1.d4 d5 2.c4 e6 3.Nc3 Bb4 4.cxd5 exd5 5.Bf4 c5 6.e3 c4 7.Ne2 Nc6 8.a3 Ba5 
9.b4 cxb3 10.Qxb3 Nge7 11.Rc1 O-O 12.Ng1 Nf5 13.Nf3 Qf6 14.Be5 Nxe5 15.
Nxe5 Qh6 16.Qxd5 Nxe3 17.Qxa5 Nxf1 18.Ne2 Nxh2 19.Kd1 Be6 20.Rc3 b6 21.Qb4
a5 22.Qb2 a4 23.Nf3 Bb3+ 24.Rxb3 axb3 25.Rxh2 Qd6 26.Qxb3 Rxa3 27.Qc2 h6 
28.Rh5 Ra1+ 29.Kd2 Rfa8 30.Rb5 R1a2 31.Rb2 Qe6 32.Nc3 Rxb2 33.Qxb2 Qg4 34.
Ke2 Qxg2 35.Nd5 Re8+ 36.Ne3 Qg6 37.d5 h5 38.Qb5 f5 39.d6 f4 40.d7 Rd8 41.
Qd5+ Kf8 42.Ne5 Qf6 43.Nc2 f3+ 44.Ke3 1-0

[Event "19th EUR-ch"]
[Site "Batumi GEO"]
[Date "2018.03.27"]
[Round "10.23"]
[White "Pashikian, Arman"]
[Black "Kuzubov, Yuriy"]
[Result "1-0"]
[WhiteElo "2585"]
[BlackElo "2689"]
[EventDate "2018.03.17"]
[PlyCount "47"]

1.d4 g6 2.e4 Bg7 3.Nc3 d6 4.f4 Nf6 5.Bd3 e5 6.dxe5 dxe5 7.Nf3 exf4 8.Bxf4 
O-O 9.Qd2 Nc6 10.O-O-O Be6 11.e5 Nh5 12.Bg5 Qc8 13.Rhe1 Bg4 14.Nd5 Re8 15.
Bf6 Nxe5 16.Bxg7 Kxg7 17.Qc3 f6 18.Nxc7 Nxd3+ 19.cxd3 Rxe1 20.Rxe1 Rb8 21.
Re8 Qxe8 22.Nxe8+ Rxe8 23.Qd4 Be6 24.g4 1-0